Maschinen und gerate fur die pflanzenproduktion (Record no. 9101)

000 -LEADER
fixed length control field 00295nam a22001217a 4500
040 ## - CATALOGING SOURCE
Transcribing agency HS
082 ## - DEWEY DECIMAL CLASSIFICATION NUMBER
Classification number 620
100 ## - MAIN ENTRY--AUTHOR NAME
Personal name ជួង សុផល
245 ## - TITLE STATEMENT
Title Maschinen und gerate fur die pflanzenproduktion
260 ## - PUBLICATION, DISTRIBUTION, ETC. (IMPRINT)
Place of publication Berlin
Name of publisher ជួង​ សុផល​
Year of publication 1987
300 ## - PHYSICAL DESCRIPTION
Number of Pages 228p;
942 ## - ADDED ENTRY ELEMENTS (KOHA)
Koha item type សៀវភៅភាសាអង់គ្លេស
952 ## - LOCATION AND ITEM INFORMATION (KOHA)
Withdrawn status [LOCAL, KOHA] 0
Holdings
Permanent Location Date acquired Koha item type Lost status Shelving location Barcode Current Location Full call number
Library Block B2016-08-24សៀវភៅភាសាអង់គ្លេស C255RUA045181Library Block B620 ជួង 1987 C255
មជ្ឈមណ្ឌលឯការនៃសាកលវិទ្យាល័យភូមិន្ទកសិកម្មចំការដូង

Powered by Koha